| 000 | 00462nam a22001691a 4500 | ||
|---|---|---|---|
| 001 | 4106 | ||
| 003 | OSt | ||
| 005 | 20260204211915.0 | ||
| 008 | 050620s1984||||dr ||||||b||||||||||spa|| | ||
| 050 | _aRD 972.9304 H431p | ||
| 100 | _aHernández Flores, Ismael | ||
| 245 | _aPedro Santana totalmente negativo / Ismael Hernández Flores | ||
| 264 | _aSanto Domingo: Alfa y Omega | ||
| 300 | _a157 p | ||
| 650 | _aRepública Dominicana - HistoriaÌ | ||
| 942 |
_2ddc _cBK |
||
| 999 |
_c4106 _d4106 |
||